Born in Swansea - Statistics

General Stats
  • This quiz has been taken 36 times
    12 since last reset
  • The average score is 5 of 9
Answer Stats
Hint Answer % Correct
Actress, "Chicago" "The Mask of Zorro" 1969 Catherine Zeta-Jones
100%
Poet and writer, "A Child's Christmas in Wales" "Portrait of the Artist as a Young Dog" 1914 Dylan Thomas
100%
Showrunner of "Doctor Who" from 2005 to 2010 1963 Russell T. Davies
89%
Archbishop of Canterbury from 2002 to 2012 1950 Rowan Williams
67%
Footballer who plays for Leeds and the Welsh national team 1997 Joe Rodon
56%
Winner of the Nobel Memorial Prize in Economic Sciences in 2003 1934 Clive Granger
33%
Actress, "Skins" "Split" "Panic" 1994 Jessica Sula
33%
Secreatry of State for Wales since 2024 1966 Jo Stevens
33%
Actor, best known for his roles as Reg Cattermole in "Harry Potter" and Hobert Hightower in "House of the Dragon" 1967 Steffan Rhodri
33%
No matching quizzes found
Score Distribution
Percent of People with Each Score
Percentile by Number Answered
Your Score History
You have not taken this quiz since the last reset